000 00694nam a2200289Ia 4500
005 20260324123616.0
008 008 260324s9999 xx 000 0 eng d
020 _a9780203829103
037 _aEBOOK
040 _aCRL
040 _beng
040 _cCRL
041 _2eng
041 _aeng
084 _qCRL
100 _aRobert Barton
_91170958
245 0 _aActing Reframes
245 0 _bUsing NLP to Make Better Decisions In and Out of the Theatre
260 _bTaylor and Francis
260 _c2011
365 _a
365 _b230
856 _uhttp://www.taylorfrancis.com/books/9780203829103
942 _cEBOOK
999 _c1764635
_d1764635